000 00312nam a2200133 i 4500
001 bg
100 1 _aWIATR, J. J.
245 0 _aNauki polityczne a potrzeby praktyki /
_cJ.J. Wiatr.
260 _aWarszawa,
_c1982.
040 _cBPK
041 _apol
942 _cKS
008 s pl f |000 0 pol
999 _c21928
_d21928
856 _uhttp://koha.tu.koszalin.pl/cgi-bin/koha/opac-detail.pl?biblionumber=21928
_yKatalog online BPK